01003nam a2200181Ia 4500008004100000041001200041082002100053100005100074245008400125260006800209300001100277500002700288650006800315942000700383999001900390952020800409952020400617231217s9999 xx 000 0 und d aEnglish a574.19245 DUR;5 aDurbin, Richard Eddy, Sean R Krogh, Andres etc 0aBiological sequence analysis probabilistic models of proteins and nucleic acids c1998bPress Syndicate of the University of CambridgeaCambridge axi+356 aContent page available aBiological,sequence,probabilistic,models,proteins,nucleic,acids cAA c172011d172011 r2024-01-26 00:00:00l0o574.19245 DUR;5p27701udigital/contents/27348.pdfv300.00w2024-01-26yAA1040708CL00aMLbMLcCLd2004-04-29eFoundations Booksg375.00EBTK4155L06/02/2005GRSF1V75W20 r2024-01-26 00:00:00l0o574.19245 DUR;6p28474udigital/contents/27348.pdfv300.00w2024-01-26yAA1040708CL00aMLbMLcCLd2004-06-12eRoyal Bibliomang375.00EBTK90L11/05/2006GRSF1V75W20